Statistics for Countries on the Mediterranean by Languages

Click here to take the quiz!

General Stats

  • This quiz has been taken 92 times
    (57 since last reset)
  • The average score is 20 of 21

Answers on the Map

Answers color-coded by a green-red scale on the quiz's map according to % correct below.
 

Answer Stats

Language% Correct
French
100%
French
100%
Greek
100%
Greek/ Turkish
100%
Italian
100%
Spanish
100%
Arabic
98%
Arabic
98%
Arabic
98%
Arabic
98%
Arabic
98%
Arabic/ Berber
98%
Arabic/ Berber
98%
Albanian
96%
Bosnian/ Croatian/ Serbian/ Serbo-Croatian
96%
Croatian
96%
Montenegrin/ Serbian/ Serbo-Croatian
96%
Turkish
94%
Hebrew
92%
Slovene
83%
Maltese
75%

Score Distribution

Percentile by Number Answered

Percent of People with Each Score

Your Score History

You have not taken this quiz since the last reset